00386nam a2200157Ia 4500003000400000008004100004040001600045082001700061100002100078245004100099260002000140650001500160650001200175650001900187650002200206GCL140319s9999 xx 000 0 eng d aGCL / cGCL04aCHb843bB B1 aBUSQUETS, CARLOS10aBALADE EN FORET / cBUSQUETS, CARLOS a[S.N] : bHEMMA04aLITERATURE04aFICTION04aFRENCH FICTION04aFRENCH LITERATURE